crush / (Record no. 204684)
[ view plain ]
| 000 -LEADER | |
|---|---|
| fixed length control field | 01503nam a2200313 i 4500 |
| 003 - CONTROL NUMBER IDENTIFIER | |
| control field | OSt |
| 005 - DATE AND TIME OF LATEST TRANSACTION | |
| control field | 20260625104825.0 |
| 008 - FIXED-LENGTH DATA ELEMENTS--GENERAL INFORMATION | |
| fixed length control field | 220523t20202020pau erb 000 f eng d |
| 020 ## - INTERNATIONAL STANDARD BOOK NUMBER | |
| International Standard Book Number | 9781649370136 |
| Terms of availability | RM 79.90 |
| Qualifying information | paperback |
| 040 ## - CATALOGING SOURCE | |
| Original cataloging agency | PPAK |
| Language of cataloging | eng |
| Transcribing agency | PPAK |
| Description conventions | rda |
| 082 04 - DEWEY DECIMAL CLASSIFICATION NUMBER | |
| Edition number | 23 |
| Classification number | 813.6 |
| 090 00 - LOCALLY ASSIGNED LC-TYPE CALL NUMBER (OCLC); LOCAL CALL NUMBER (RLIN) | |
| Classification number (OCLC) (R) ; Classification number, CALL (RLIN) (NR) | 813.6 |
| Feature heading | WOL |
| Feature heading | G |
| 100 1# - MAIN ENTRY--PERSONAL NAME | |
| Personal name | Wolff, Tracy, |
| Relator term | author. |
| 245 10 - TITLE STATEMENT | |
| Title | crush / |
| Statement of responsibility, etc. | TRACY WOLFF ; Edited by Liz Pelletier and Stacy Abrams |
| 250 ## - EDITION STATEMENT | |
| Edition statement | First edition |
| 264 #1 - PRODUCTION, PUBLICATION, DISTRIBUTION, MANUFACTURE, AND COPYRIGHT NOTICE | |
| Place of production, publication, distribution, manufacture | Shrewsbury, PA : |
| Name of producer, publisher, distributor, manufacturer | Entangled Publishing, LLC., |
| Date of production, publication, distribution, manufacture, or copyright notice | 2020 |
| Date of production, publication, distribution, manufacture, or copyright notice | ©2020 |
| 300 ## - PHYSICAL DESCRIPTION | |
| Extent | 668 pages ; |
| Dimensions | 21 cm |
| 336 ## - CONTENT TYPE | |
| Content type term | text |
| Source | rdacontent |
| 337 ## - MEDIA TYPE | |
| Media type term | unmediated |
| Source | rdamedia |
| 338 ## - CARRIER TYPE | |
| Carrier type term | volume |
| Source | rdacarrier |
| 520 ## - SUMMARY, ETC. | |
| Summary, etc. | Returning to Katmere Academy, Grace is haunted by fragments of days she has no recollection of living. She is struggling to understand who, or what, she really is. But just as she starts to feel safe again, Hudson is back with a vengeance. He insists there are secrets Grace doesn't know about, threatening to drive a wedge between her Jaxon. The Circle is caught in a power play and the Vampire Court is trying to drag Grace into their world. The only thing Hudson and Jaxon agree on is that leaving Katmere would mean her certain death. -- |
| Assigning source | adapted from jacket |
| 650 10 - SUBJECT ADDED ENTRY--TOPICAL TERM | |
| Topical term or geographic name entry element | Good and evil |
| Form subdivision | Fiction |
| Topical term or geographic name entry element | Vampires |
| Form subdivision | Fiction |
| Topical term or geographic name entry element | Boarding schools |
| Form subdivision | Fiction |
| 700 1# - ADDED ENTRY--PERSONAL NAME | |
| Personal name | Pelletier, Liz, |
| Relator term | editor. |
| Personal name | Abrams, Stacy, |
| Relator term | editor. |
| 942 ## - ADDED ENTRY ELEMENTS (KOHA) | |
| Source of classification or shelving scheme | Dewey Decimal Classification |
| Koha item type | Book |
No items available.